Grant Shapps (Record no. 82895)

MARC details
000 -LEADER
fixed length control field 01004cad a22002055a 4500
001 - CONTROL NUMBER
control field L152160
008 - FIXED-LENGTH DATA ELEMENTS--GENERAL INFORMATION
fixed length control field 110204e20110202xxk 000 0 eng d
035 ## - SYSTEM CONTROL NUMBER
System control number (Sirsi) u152160
041 0# - LANGUAGE CODE
Language code of text/sound track or separate title eng
110 2# - MAIN ENTRY--CORPORATE NAME
Corporate name or jurisdiction name as entry element United Kingdom
Subordinate unit Department for Communities and Local Government
9 (RLIN) 4939
245 00 - TITLE STATEMENT
Title Grant Shapps
Remainder of title communities to be given a right to reclaim land
Medium [electronic resource]
260 ## - PUBLICATION, DISTRIBUTION, ETC.
Date of publication, distribution, etc. 2011
490 ## - SERIES STATEMENT
Series statement DCLG News Release
Volume/sequential designation 2 February 2011
520 ## - SUMMARY, ETC.
Summary, etc. New Community Right to Reclaim Land will help members of the public improve their local area by using disused publicly owned land for new development. To facilitate this a new one-stop shop will be developed to tell citizens about empty land and buildings they can develop to improve their local area.
590 ## - LOCAL NOTE (RLIN)
Local note KA NTK
651 #4 - SUBJECT ADDED ENTRY--GEOGRAPHIC NAME
Geographic name United Kingdom
Chronological subdivision
690 ## - LOCAL SUBJECT ADDED ENTRY--TOPICAL TERM (OCLC, RLIN)
Topical term or geographic name as entry element Planning and development
9 (RLIN) 6259
856 40 - ELECTRONIC LOCATION AND ACCESS
Uniform Resource Identifier <a href="https://www.communities.gov.uk/news/corporate/1833082">https://www.communities.gov.uk/news/corporate/1833082</a>
Public note view the item free of charge at www.communities.gov.uk
942 ## - ADDED ENTRY ELEMENTS (KOHA)
Suppress in OPAC 0
Holdings
Withdrawn status Lost status Source of classification or shelving scheme Damaged status Not for loan Home library Current library Shelving location Date acquired Total Checkouts Full call number Barcode Date last seen Copy number Price effective from Koha item type
    Dewey Decimal Classification     Virtual Virtual Online 04/02/2011   ONLINE PUBLICATION 152160-2001 06/08/2019 1 06/08/2019 Journal article